000 00726nam a2200241Ia 4500
003 OSt
005 20220923220847.0
006 a|||||r|||| 00| 0
007 ta
008 220922b |||||||| |||| 00| 0 hin d
024 _a191,477
037 _cTextual
040 _aARTS
_cARTS
_bhin
041 _2hin
_ahin
082 _aV2y7M89, 152H0
100 _aधीर, केवल, संपा.
245 0 _aनेहरू ने कहा
246 _aNeharū ne kahā
260 _aदिल्ली
_b हिन्दी पॉकेट बुक
_c1940
300 _a111पृ.
_ccm.
942 _hV2y7M89, 152H0
_cTEXL
_2CC
999 _c344184
_d344184